[Event "Oberliga Ost-B 1819"]
[Site "Germany"]
[Date "2019.03.23"]
[Round "8.7"]
[White "Hahn, Werner"]
[Black "Neubauer, Andreas"]
[Result "1-0"]
[WhiteElo "2165"]
[BlackElo "2161"]
[PlyCount "101"]
[EventDate "2018.10.21"]
[EventType "team-tourn"]
[EventRounds "11"]
[EventCountry "GER"]
[SourceTitle "EXT 2020"]
[Source "ChessBase"]
[SourceDate "2019.10.17"]
[SourceVersion "1"]
[SourceVersionDate "2019.10.17"]
[SourceQuality "1"]
[WhiteTeam "Griesheim II"]
[BlackTeam "Stadtilm Blau Weiss"]
[WhiteTeamCountry "GER"]
[BlackTeamCountry "GER"]

1. d4 Nf6 2. Nf3 g6 3. c4 Bg7 4. Nc3 0-0 5. e4 d6 6. Be2 e5 7. 0-0 Nbd7 8. Be3 Ng4 9. Bg5 f6 10. Bc1 a5 11. dxe5 dxe5 12. Ng5 fxg5 13. Bxg4 h6 14. Qd5+ Kh7 15. Bxd7 Qxd7 16. Be3 Ra6 17. Rad1 Qe8 18. b3 Rf7 19. Qd8 Qxd8 20. Rxd8 Be6 21. Rb8 b6 22. a4 Bf8 23. Rd1 Kg7 24. Rdd8 Be7 25. Re8 Kf6 26. Kf1 Bb4 27. Nd5+ Bxd5 28. exd5 Bd6 29. Bxb6 Kf5 30. Be3 c6 31. Rbd8 cxd5 32. cxd5 Bb4 33. f3 g4 34. Ke2 gxf3+ 35. Kxf3 h5 36. h3 h4 37. Rh8 Rc7 38. Rxh4 Be7 39. g4+ Kf6 40. Rb8 Kg7 41. g5 Bf8 42. Rc4 Rd7 43. Ke4 Bd6 44. Rbc8 Kf7 45. R4c6 Rxc6 46. dxc6 Re7 47. Kd5 Bb4 48. Rb8 e4 49. Rb7 Ke8 50. Rxe7+ Kxe7 51. Bf4 1-0

[Event "Oberliga Ost-B 1819"]
[Site "Germany"]
[Date "2019.02.02"]
[Round "6.7"]
[White "Hahn, Werner"]
[Black "Roessler, Bernd"]
[Result "1/2-1/2"]
[WhiteElo "2165"]
[BlackElo "2022"]
[PlyCount "137"]
[EventDate "2018.10.21"]
[EventType "team-tourn"]
[EventRounds "11"]
[EventCountry "GER"]
[SourceTitle "EXT 2020"]
[Source "ChessBase"]
[SourceDate "2019.10.17"]
[SourceVersion "1"]
[SourceVersionDate "2019.10.17"]
[SourceQuality "1"]
[WhiteTeam "Griesheim II"]
[BlackTeam "Naumburg"]
[WhiteTeamCountry "GER"]
[BlackTeamCountry "GER"]

1. d4 Nf6 2. c4 c6 3. Nf3 d5 4. e3 e6 5. Nc3 Bd6 6. Qc2 Nbd7 7. g4 h6 8. h3 Qe7 9. Bd2 b6 10. 0-0-0 Bb7 11. Rg1 dxc4 12. Bxc4 c5 13. Be2 Rc8 14. Kb1 cxd4 15. Nxd4 Ne4 16. f3 Nf2 17. Rc1 Nxh3 18. Rh1 Ng5 19. e4 Qf6 20. Qa4 Bc5 21. Be3 e5 22. Bxg5 Qxg5 23. Nf5 a6 24. Rcd1 Bc6 25. Qxa6 0-0 26. Rh5 Qg6 27. Rdh1 Ra8 28. Qd3 Rfd8 29. Qc2 Nf6 30. R5h3 Qg5 31. Rd1 Bb4 32. Rhh1 Bxc3 33. Ne7+ Kh8 34. Nxc6 Rxd1+ 35. Rxd1 Bd4 36. Nxd4 exd4 37. Rxd4 Qe3 38. Rd3 Qf2 39. e5 Ng8 40. Qd2 Qg1+ 41. Qd1 Qf2 42. Rd4 Re8 43. Re4 Qc5 44. Qd6 Qxd6 45. exd6 Rd8 46. Rd4 Nf6 47. b4 Kg8 48. a4 Kf8 49. a5 bxa5 50. bxa5 Ne8 51. d7 Nc7 52. a6 Ke7 53. a7 Rxd7 54. Rxd7+ Kxd7 55. Bd3 Kd6 56. Kc2 Ke5 57. Kd2 Kf4 58. Be4 g6 59. Ke2 f5 60. gxf5 gxf5 61. a8Q Nxa8 62. Bxa8 Kg3 63. Kf1 h5 64. Kg1 h4 65. Bc6 h3 66. Kh1 h2 67. Bd5 Kh3 68. Bb3 Kg3 69. Bd5 1/2-1/2

[Event "GER MS-249 email"]
[Site "GER email"]
[Date "2016.11.07"]
[Round "?"]
[White "Hahn, Werner"]
[Black "Lenaif, Sven Peter"]
[Result "0-1"]
[WhiteElo "1994"]
[BlackElo "2047"]
[PlyCount "62"]
[EventDate "2016.11.11"]
[EventType "tourn (corr)"]
[EventRounds "6"]
[EventCountry "GER"]
[SourceTitle "Corr 2020"]
[Source "ChessBase"]
[SourceDate "2019.09.30"]
[SourceVersion "1"]
[SourceVersionDate "2019.09.30"]
[SourceQuality "1"]

1. e4 e5 2. Nf3 Nc6 3. Bc4 Nf6 4. Ng5 d5 5. exd5 Na5 6. Bb5+ c6 7. dxc6 bxc6 8. Qf3 Be7 9. Bxc6+ Nxc6 10. Qxc6+ Bd7 11. Qf3 0-0 12. Nc3 Ng4 13. Nge4 f5 14. Ng3 e4 15. Qe2 Bd6 16. h3 Ne5 17. Qa6 Bc5 18. b3 Bxf2+ 19. Kxf2 Qh4 20. Qe2 f4 21. Ncxe4 Bc6 22. Ke1 fxg3 23. Bb2 Nf3+ 24. Kd1 Bxe4 25. Qc4+ Kh8 26. d3 Qh6 27. Bc3 Bxd3 28. cxd3 Rac8 29. Qb4 Rfd8 30. Ke2 Qa6 31. Rhd1 Rxc3 0-1

[Event "GER-ch 2014-A email"]
[Site "GER email"]
[Date "2015.07.01"]
[Round "?"]
[White "Hahn, Werner"]
[Black "Gnilka, Thomas Aloysius"]
[Result "0-1"]
[WhiteElo "2288"]
[BlackElo "2220"]
[PlyCount "88"]
[EventDate "2015.??.??"]
[EventType "tourn (corr)"]
[EventRounds "10"]
[EventCountry "GER"]
[SourceTitle "Corr 2017"]
[Source "ChessBase"]
[SourceDate "2017.09.19"]
[SourceVersion "1"]
[SourceVersionDate "2017.09.19"]
[SourceQuality "1"]

1. e4 e5 2. Nf3 Nc6 3. Bc4 Bc5 4. c3 Nf6 5. d3 a6 6. h3 d6 7. a4 Ba7 8. Na3 0-0 9. 0-0 h6 10. Re1 Ne7 11. Nc2 Ng6 12. Be3 Bxe3 13. Nxe3 c6 14. a5 Nf4 15. Ba2 Qc7 16. Nc4 Be6 17. Nb6 Rad8 18. Bxe6 fxe6 19. Re3 g5 20. Nh2 h5 21. Rg3 Qg7 22. Nf3 g4 23. Nh2 d5 24. exd5 exd5 25. hxg4 h4 26. Rf3 Qg5 27. g3 hxg3 28. fxg3 Nh3+ 29. Kg2 e4 30. Rf5 Qh6 31. Qe2 Ng5 32. Raf1 Rde8 33. Qd2 e3 34. Qe2 Rf7 35. Kh1 Re6 36. Na4 Nh3 37. Kg2 Ree7 38. g5 Nxg5 39. Rxg5+ Qxg5 40. Nc5 Rg7 41. Rf3 Nh5 42. Nf1 Nf4+ 43. Rxf4 Qxf4 44. b4 Qh6 0-1

[Event "GER-ch 2014-A email"]
[Site "GER email"]
[Date "2015.07.01"]
[Round "?"]
[White "Hahn, Werner"]
[Black "Kocks, Friedhelm"]
[Result "1-0"]
[WhiteElo "2288"]
[BlackElo "2315"]
[PlyCount "75"]
[EventDate "2015.??.??"]
[EventType "tourn (corr)"]
[EventRounds "10"]
[EventCountry "GER"]
[SourceTitle "Corr 2017"]
[Source "ChessBase"]
[SourceDate "2017.09.19"]
[SourceVersion "1"]
[SourceVersionDate "2017.09.19"]
[SourceQuality "1"]

1. d4 g6 2. e4 Bg7 3. Nc3 c6 4. f4 d5 5. e5 Nh6 6. Nf3 Bg4 7. h3 Bxf3 8. Qxf3 f6 9. g4 fxe5 10. dxe5 0-0 11. Qg3 g5 12. h4 gxf4 13. Bxf4 Nd7 14. 0-0-0 Qb6 15. Bh3 Rxf4 16. Qxf4 Nxe5 17. Na4 Qa5 18. g5 Rf8 19. Qd2 Qxa4 20. gxh6 Bf6 21. Kb1 Kh8 22. Bf1 a5 23. Be2 b5 24. Qe3 Qb4 25. c3 Qd6 26. Rhf1 Rg8 27. Rg1 Ra8 28. Bd3 b4 29. c4 b3 30. a3 Nxd3 31. Qxd3 Qh2 32. Qxb3 dxc4 33. Qb6 Qb8 34. Qxb8+ Rxb8 35. Rg2 c3 36. b3 Rxb3+ 37. Kc1 Rb8 38. Rg4 1-0

[Event "GER-ch 2014-A email"]
[Site "GER email"]
[Date "2015.07.01"]
[Round "?"]
[White "Krebs, Juergen"]
[Black "Hahn, Werner"]
[Result "1/2-1/2"]
[WhiteElo "2254"]
[BlackElo "2288"]
[PlyCount "97"]
[EventDate "2015.??.??"]
[EventType "tourn (corr)"]
[EventRounds "10"]
[EventCountry "GER"]
[SourceTitle "Corr 2017"]
[Source "ChessBase"]
[SourceDate "2017.09.19"]
[SourceVersion "1"]
[SourceVersionDate "2017.09.19"]
[SourceQuality "1"]

1. e4 e6 2. d4 d5 3. Nd2 c5 4. exd5 exd5 5. Bb5+ Bd7 6. Qe2+ Be7 7. dxc5 Nf6 8. Nb3 0-0 9. Be3 Re8 10. Nf3 a6 11. Bd3 Ba4 12. Nfd4 Nbd7 13. 0-0-0 Nxc5 14. Nf5 Nxd3+ 15. Qxd3 Bf8 16. f3 Qc8 17. Nbd4 Nd7 18. Bf4 Ne5 19. Bxe5 Rxe5 20. Rhe1 Qc7 21. Rxe5 Qxe5 22. g3 Re8 23. f4 Qe4 24. Nh4 Rc8 25. Nhf3 g6 26. Ng5 Qe7 27. Ngf3 Re8 28. Rd2 Bg7 29. Re2 Qd8 30. Rxe8+ Qxe8 31. Qe2 Qxe2 32. Nxe2 Kf8 33. c3 Ke7 34. Ned4 Bf6 35. Kd2 Be8 36. Ke3 Kd7 37. Ne5+ Kd6 38. Nef3 h6 39. Kd3 Bg7 40. Ke3 Bd7 41. Kd3 Bg4 42. a4 Bf6 43. Ke3 b6 44. Kd3 Bd7 45. b3 Bg4 46. Kd2 Bg7 47. Kd3 Bh8 48. Kd2 Bf6 49. Kd3 1/2-1/2

[Event "GER-ch 2014-A email"]
[Site "GER email"]
[Date "2015.06.15"]
[Round "?"]
[White "Koestner, Wolfgang"]
[Black "Hahn, Werner"]
[Result "1-0"]
[WhiteElo "2002"]
[BlackElo "2039"]
[PlyCount "143"]
[EventDate "2015.??.??"]
[EventType "tourn (corr)"]
[EventRounds "10"]
[EventCountry "GER"]
[SourceTitle "Corr 2022"]
[Source "ChessBase"]
[SourceDate "2021.10.24"]
[SourceVersion "1"]
[SourceVersionDate "2021.10.24"]
[SourceQuality "1"]

1. Nf3 d5 2. c4 e6 3. d4 Nf6 4. Nc3 Be7 5. Bf4 0-0 6. e3 c5 7. dxc5 Bxc5 8. cxd5 Nxd5 9. Nxd5 exd5 10. a3 Nc6 11. Bd3 Bb6 12. 0-0 d4 13. e4 Bg4 14. h3 Bh5 15. Rc1 Re8 16. Re1 Rc8 17. Bc4 Qf6 18. Bg3 Na5 19. Bb5 Nc6 20. Qd3 Bxf3 21. Qxf3 Qxf3 22. gxf3 Red8 23. Kg2 h6 24. Red1 g5 25. h4 Kg7 26. hxg5 hxg5 27. f4 gxf4 28. Bxf4 f6 29. Rd3 Ne5 30. Rg3+ Kf7 31. Ba4 Rxc1 32. Bxc1 Ke6 33. Bd2 Rc8 34. Bb3+ Nc4 35. Bf4 Kf7 36. Kf1 Ba5 37. Bh6 Ke6 38. Rg8 Rc5 39. Rb8 f5 40. Rxb7 fxe4 41. Rxa7 Bd8 42. Bf8 Rc8 43. Ra4 Kd5 44. Rb4 Bf6 45. Rb5+ Ke6 46. Bc5 Kd5 47. Bb4+ Ke6 48. a4 Be7 49. Rb7 Bd8 50. a5 Bxa5 51. Bxa5 Kf6 52. Bb4 Rc6 53. Be7+ Ke6 54. Ke2 Rc8 55. Ba2 d3+ 56. Kd1 Ke5 57. Rb5+ Kf4 58. Bg5+ Kg4 59. Bxc4 Rxc4 60. b4 Kh3 61. Be3 Kg4 62. Rg5+ Kh4 63. b5 Rb4 64. Re5 Kg4 65. b6 Kf3 66. Re7 Rb1+ 67. Kd2 Rb2+ 68. Kc3 Rc2+ 69. Kb3 Rc8 70. b7 Rb8 71. Ba7 Rd8 72. b8Q 1-0

[Event "Hessenliga 1415"]
[Site "Hessen"]
[Date "2014.09.28"]
[Round "1.4"]
[White "Huss, Rolf"]
[Black "Hahn, Werner"]
[Result "0-1"]
[WhiteElo "2132"]
[BlackElo "2167"]
[PlyCount "86"]
[EventDate "2014.09.28"]
[EventType "team-tourn"]
[EventRounds "9"]
[EventCountry "GER"]
[SourceTitle "EXT 2016"]
[Source "ChessBase"]
[SourceDate "2015.10.08"]
[SourceVersion "1"]
[SourceVersionDate "2015.10.08"]
[SourceQuality "1"]
[WhiteTeam "Fulda"]
[BlackTeam "Griesheim II"]
[WhiteTeamCountry "GER"]
[BlackTeamCountry "GER"]

1. d4 Nf6 2. c4 g6 3. g3 Bg7 4. Bg2 0-0 5. Nc3 d6 6. Nf3 Nbd7 7. 0-0 e5 8. e4 exd4 9. Nxd4 Re8 10. Re1 Nc5 11. f3 a5 12. b3 c6 13. Be3 Qc7 14. Qc2 b6 15. Rad1 Bb7 16. a3 Na6 17. Ndb5 cxb5 18. Nxb5 Qb8 19. Rxd6 Re6 20. Rxe6 fxe6 21. Bh3 e5 22. Rd1 Bc6 23. Rd6 Qb7 24. Qd2 Rf8 25. Rd8 Ne8 26. Nd6 Qe7 27. Bxb6 Rxf3 28. Nxe8 Bxe8 29. Qd7 Kf8 30. Qxe7+ Kxe7 31. Ra8 Rxb3 32. Rxa6 Bh6 33. Bc5+ Kf7 34. Be6+ Kg7 35. Bd5 Bd2 36. Ra8 Ba4 37. Be7 Be3+ 38. Kg2 Rb2+ 39. Kf3 Bd4 40. Rg8+ Kh6 41. g4 Bd1+ 42. Kg3 Rb3+ 43. Kg2 Bf3+ 0-1

[Event "Hessenliga 1314"]
[Site "Germany"]
[Date "2014.03.30"]
[Round "8.3"]
[White "Flach, Erich"]
[Black "Hahn, Werner"]
[Result "1/2-1/2"]
[WhiteElo "2153"]
[BlackElo "2171"]
[PlyCount "118"]
[EventDate "2013.09.29"]
[EventType "team-tourn"]
[EventRounds "9"]
[EventCountry "GER"]
[SourceTitle "EXT 2015"]
[Source "ChessBase"]
[SourceDate "2014.11.20"]
[SourceVersion "1"]
[SourceVersionDate "2014.11.20"]
[SourceQuality "1"]
[WhiteTeam "Langen"]
[BlackTeam "Griesheim II"]
[WhiteTeamCountry "GER"]
[BlackTeamCountry "GER"]

1. d4 Nf6 2. c4 g6 3. Nc3 Bg7 4. e4 d6 5. Nf3 0-0 6. Be2 e5 7. 0-0 Nc6 8. d5 Ne7 9. Ne1 Ne8 10. Be3 f5 11. f3 f4 12. Bf2 g5 13. c5 h5 14. Nb5 a6 15. cxd6 cxd6 16. Nc3 Nf6 17. Rc1 g4 18. Na4 gxf3 19. Bxf3 Bg4 20. Nb6 Rb8 21. Qc2 Ne8 22. a4 Ng6 23. Qe2 Nf6 24. h3 Bxf3 25. Nxf3 Bh6 26. Rc3 Nd7 27. a5 Nxb6 28. Bxb6 Qf6 29. Rfc1 Rf7 30. Bf2 Rbf8 31. Rc4 Rg7 32. R1c3 Bg5 33. Qe1 Kh7 34. Rc8 Rxc8 35. Rxc8 Qe7 36. Qe2 Kh6 37. Bb6 Qf7 38. Qe1 Be7 39. Rb8 Bf6 40. Qc3 Nh4 41. Rh8+ Rh7 42. Rxh7+ Qxh7 43. Qd3 Qg6 44. Qe2 Qg3 45. Ne1 Kg6 46. Bf2 Qb3 47. Qc2 Qxc2 48. Nxc2 Kf7 49. Na3 Ke8 50. Nc4 Kd7 51. Bb6 Be7 52. Bf2 Bd8 53. Ba7 Bc7 54. Kf2 Ng6 55. b4 Bd8 56. Kf1 Nh4 57. Bf2 Ng6 58. Be1 Bg5 59. Bd2 Bd8 1/2-1/2